| 000 | 005150000a22001810004500 | ||
|---|---|---|---|
| 003 | LK-CoMWRAF | ||
| 005 | 20231115103111.0 | ||
| 008 | 230817t1961 ||||| |||| 00| 0 eng d | ||
| 040 |
_aLK-CoMWRAF _dLK-CoMWRAF _eLK-CoMWRAF |
||
| 041 | _aeng | ||
| 082 |
_a170 _bBUC |
||
| 100 | _aBuchman, Frank N.D. | ||
| 245 |
_aRemaking the World: _bthe speeches of Frank N. D. Buchman |
||
| 260 |
_aLondon: _bBlandford, _c1961 |
||
| 300 |
_axx. 332 p. illus. 21 cm. _bIndex included |
||
| 650 | _aMORAL RE-ARMAMENT | ||
| 942 | _cBK | ||
| 999 |
_c1530 _d1530 |
||